| Tag |
First Indicator |
Second Indicator |
Subfields |
| LEADER |
00000cam a2200000 i 4500 |
| 001 |
in00000052372 |
| 005 |
20151007070117.0 |
| 008 |
780930s1951 abcab 10110 eng d |
| 035 |
|
|
|a (OCoLC)04258231
|
| 035 |
|
|
|9 AAE3355AM
|
| 040 |
|
|
|a LUU
|c LUU
|d TXA
|d UtOrBLW
|
| 049 |
|
|
|a TXAM
|c [454628]
|
| 092 |
|
|
|a 553.282
|b A865c 1951
|
| 111 |
2 |
|
|a Athabasca Oil Sands Conference
|d (1951 :
|c Edmonton)
|
| 245 |
1 |
0 |
|a Proceedings /
|c [Ed. by K. A. Clark and others].
|
| 264 |
|
1 |
|a Edmonton :
|b A. Shnitka, King's Printer,
|c 1951.
|
| 300 |
|
|
|a x, 371 pages :
|b illustrations ;
|c 25 cm.
|
| 336 |
|
|
|a text
|b txt
|2 rdacontent
|
| 337 |
|
|
|a unmediated
|b n
|2 rdamedia
|
| 338 |
|
|
|a volume
|b nc
|2 rdacarrier
|
| 504 |
|
|
|a Includes bibliographical references and author index.
|
| 650 |
|
0 |
|a Oil sands
|z Alberta.
|
| 700 |
1 |
|
|a Clark, Karl A.
|q (Karl Adolph),
|d 1888-1966.
|
| 710 |
1 |
|
|a Alberta.
|b Oil Sands Project.
|
| 999 |
|
|
|a MARS
|
| 999 |
f |
f |
|s a59709f6-b78f-3299-9a67-ec18472b894c
|i 18fa268b-48a8-334e-bd4f-e11fcbf69ea3
|t 0
|
| 952 |
f |
f |
|p normal
|a Texas A&M University
|b College Station
|c Sterling C. Evans Library
|d Evans: Library Stacks
|t 0
|e 553.282 A865c 1951
|h Dewey Decimal classification
|i unmediated -- volume
|m A14800958844
|
| 998 |
f |
f |
|a 553.282 A865c 1951
|t 0
|l Evans: Library Stacks
|